00663nam a2200121Ia 4500008004100000020001800041100001700059245012400076260002700200650025100227650002200478856004100500171212s9999 xx 000 0 und d a9780833042996 aChalk, Peter cChalk, PeteraThe Maritime Dimension of International SecuritybTerrorism, Piracy, and Challenges for the United States bRAND Corporationc2008 aMerchant marine -- Security measures -- United States; Security, International; Shipping -- Security measures; Maritime terrorism -- Prevention; Terrorism -- Prevention; Piracy -- Prevention; Unified operations (Military science) -- United States aPolitical Science uwww.jstor.org/stable/10.7249/mg697af